000 01121nam a2200349 a 4500
001 60180
003 CO-BoRNBP
005 20251212212423.0
007 ta
008 070704s2007 mx a jr 00010 spa d
020 _a9789708100960
020 _a9789708101424
040 _aCO-BoBLA
_bspa
_cCO-BoBLA
041 0 _aspa
043 _an-mx---
082 0 4 _aI398.2
_bH45a
_221
084 _a0
100 1 _aHinojosa, Francisco,
_d1954-
_9768
245 1 0 _aAl principio :
_bmitos de la creación /
_cFrancisco Hinojosa ; ilustración Angel Campos.
250 _aedición Rodolfo Fonseca.
300 _a45 p. :
_bil. ;
_c24 cm.
336 _2rdacontent
_atexto
_btxt
337 _2rdamedia
_asin mediación
_bn
338 _2rdacarrier
_avolumen
_bnc
490 1 _aColección huellas de México. Fabrica de historias
650 7 _aCreación
_x Mitología
_v Literatura juvenil.
_2BLAAUTO
_967968
650 7 _aIndígenas de México
_x Folclor
_v Literatura juvenil.
_2BLAAUTO
_967969
700 1 _aCampos, Angel,
_eil.
_967970
700 1 _aFonseca, Rodolfo,
_eed.
_963365
942 _2ddc
_cBK
949 _an
_bn
999 _c60180
_d60180